01438nam a2200301 a 4500001001000000005001700010008004100027041000800068044000800076084002000084100004500104245012300149260005300272300004700325500008700372500005800459500019500517500007300712500001000785546002400795650005200819650005600871650003400927650004500961700003901006700004101045740005001086BRCA_328120190320204213.0130309s1858----enka---###---#000-0#eng-# aeng aenk a583b.R68c18581 aCervantes Saavedra, Miguel ded1547-161610aAdventures of Don Quixote de la ManchacTranslated from the Spanish of Miguel de Cervantes Saavedra by Charles Jarvis. aLondres : Nueva YorkbG. Routledge and Co.c1858 a1 v. en 2 partes (vi, 605 p.)bil.c20 cm. aContenido : Primera parte. Prólogo del autor. Segunda parte. Prólogo del autor aEdición : A new Edition Illustrated by John Gilbert aTraducción de Jarvis, regularmente impresa y adornada con nuevas láminas de Gilbert quien contribuyo mucho a la popularización de la obra. Semipiel; lomera con adornos Lúdovik Osterc aEstado físico : Cubierta posterior desprendida y guarda maltratada aQM460 aTexto en : inglés14aNovela españolayÉpoca clásica, 1500-170014aLiteratura españolayÉpoca clásica, 1500-170014aNovela españolaySiglo XVII14aDon Quijote (Personaje ficticio)eNovela1 aJarvis, Charlesd?-1739eTraductor1 aGilbert, Johnd1817-1897eIlustrador0 aEl Ingenioso Hidalgo Don Quijote de la Mancha